000 00612nam a2200181Ia 4500
008 240729s9999 xx 000 0 und d
022 _a2231-8380
245 0 _aJournal of Mechanical Engineering and Sciences
260 _aMalaysia
260 _bUniversiti Malaysia Pahang Publishing
650 _a Engineering (General). Civil engineering (General)
650 _a Mechanical engineering and machinery | Technology
650 _a Mechanics of engineering. Applied mechanics
650 _aTechnology
856 _uhttps://doaj.org/toc/cc78049528d646629c4954167546e670
942 _2ddc
942 _cDOAJEJ
999 _c69496
_d69496
945 _a1
_bMadushi Gamage
_c1
_dMadushi Gamage